000 00467nam a2200193Ia 4500
008 240510s9999 xx 000 0 und d
020 _a0000201175746
041 _aEng
082 _a005.117
082 _bK36
100 _aKIRKERUD, B. :
245 0 _aObject-Oriented Programming with Simula
260 _bENGLAND : Addision Wesley
260 _c1989
300 _a515 p.
650 _aSimula: Object Oriented Programming
942 _2ddc
942 _cRBK
999 _c24936
_d24936
945 _a1
_bMadushi Gamage
_c1
_dMadushi Gamage